| 000 | 03901nam a22002537a 4500 | ||
|---|---|---|---|
| 001 | 216223406 | ||
| 003 | UA-OsUOA | ||
| 005 | 20230109095827.0 | ||
| 008 | 230109b un ||||| m||| 00| 0 ukr d | ||
| 040 |
_aUA-OsUOA _bukr _cUA-OsUOA _dUA-OsUOA |
||
| 041 | _aukr | ||
| 080 | _a343.132.7 | ||
| 090 | _a343.132.7 | ||
| 095 |
_a12.00.09 _bкримінальний процес та криміналістика; судова експертиза; оперативно-розшукова діяльність |
||
| 100 | _aСмалюк Т. В. | ||
| 245 |
_aТретя особа, щодо майна якої вирішується питання про арешт _cСмалюк Тарас Васильович; наук. керівник Середа Григорій Порфирович |
||
| 260 |
_aКиїв _c2021 |
||
| 300 | _a20 с. | ||
| 502 |
_6Автореферат дисертації на здобуття наукового ступеня кандидата юридичних наук
_cПриватний вищий навчальний заклад "Європейський університет" _d2021 |
||
| 520 | _aУ дисертації на основі аналізу кримінального процесуального законодавства України та практики його застосування, наукових праць вітчизняних та зарубіжних учених, узагальнення емпіричних даних комплексно досліджено процесуальний статус третьої особи, щодо майна якої вирішується питання про арешт, її роль у кримінальному провадженні, процесуальна регламентація арешту майна такої особи та забезпечення її прав і законних інтересів. Розкрито сутність примусових заходів у кримінальному, провадженні, підстави їх застосування. Досліджено питання допустимості обмеження права власності особи при застосуванні арешту майна. Проаналізовано нормативні особливості накладення арешту на майно третьої особи, виокремлено мету такого арешту, підстави та умови його застосування. Акцентовано увагу на питаннях порядку ініціювання, розгляду та вирішення клопотання щодо арешту майна третьої особи. Досліджено проблемні питання щодо арешту майна третьої особи. Проаналізовано алгоритм дій слідчого, прокурора, слідчого судді, суду щодо арешту майна третьої особи. Визначено основні процесуальні гарантії дотримання прав та законних інтересів третьої особи, щодо майна якої вирішується питання про арешт. Акцентовано увагу на особливостях скасування арешту майна та/або оскарження ухвали про накладення арешту на майно третьої особи. Сформульовано ряд науково обгрунтованих пропозицій щодо вдосконалення положень КПК України. | ||
| 650 |
_2UDC _a343 Кримінальне право. Карні порушення |
||
| 942 |
_2udc _cAR |
||
| 955 | _a1 | ||
| 999 |
_c573494 _d573494 |
||